Terryson Counties, Bludajavulie, Beranaj (Map) - Statistics

General Stats
  • This quiz has been taken 18 times
  • The average score is 3 of 24
Answers on the Map
Answers color-coded by a green-red scale on the quiz's map according to % correct below.
 
Answer Stats
Answer % Correct
Nuvis
100%
Demir
50%
Synors
50%
Tomeis
50%
Bakail
0%
Bartlan
0%
Biagnak
0%
Bonayak
0%
Buerlen
0%
Bunbeis
0%
Buskia
0%
Gall
0%
Iven
0%
Kangal
0%
Konaji
0%
Lettsekes
0%
Morduck
0%
Nania
0%
Renalke
0%
Shachter
0%
Sisei
0%
Traika
0%
Vailai
0%
Vannelia
0%
No matching quizzes found
Score Distribution
Percent of People with Each Score
Percentile by Number Answered
Your Score History
You have not taken this quiz